Kĩ thuật dòng ý thức trong tiểu thuyết Hồ Anh Thái

Khái niệm dòng ý thức và kĩ thuật dòng ý thức trong tiểu thuyết Việt Nam sau năm 1986. Đặc điểm kĩ thuật dòng ý thức trong tiểu thuyết Hồ Anh Thái. Một số phương diện nghệ thuật thể hiện kĩ thuật dòng ý thức trong tiểu thuyết Hồ Anh Thái...

Mô tả đầy đủ

Đã lưu trong:
Chi tiết về thư mục
Tác giả chính: Huỳnh Kim Hạnh
Tác giả khác: Nguyễn Thanh Trường TS. (Hướng dẫn)
Định dạng: Sách
Được phát hành: Đà Nẵng Đại học Đà Nẵng 2016
Những chủ đề:
Các nhãn: Thêm thẻ
Không có thẻ, Là người đầu tiên thẻ bản ghi này!
Thư viện lưu trữ: Mạng thư viện Đại học Đà Nẵng
LEADER 01893nam a2200373 4500
001 000024318
003 20804
005 20161222151246.0
008 161123s2016 sd
082 1 4 |a 895.922334  |b HU-H 
100 1 |a Huỳnh Kim Hạnh 
245 1 0 |a Kĩ thuật dòng ý thức trong tiểu thuyết Hồ Anh Thái  |c Huỳnh Kim Hạnh ; Nguyễn Thanh Trường hướng dẫn  |k Luận văn tốt nghiệp 
246 |a Kỹ thuật dòng ý thức trong tiểu thuyết Hồ Anh Thái 
260 |a Đà Nẵng  |b Đại học Đà Nẵng  |c 2016 
300 |a 98 tr. ; phụ lục 5 tr.  |c 29 cm.  |e Tóm tắt 
500 |a Luận văn Khoa học xã hội và nhân văn. Chuyên ngành : Văn học Việt Nam. Mã số: 60 22 01 21 
520 3 |a Khái niệm dòng ý thức và kĩ thuật dòng ý thức trong tiểu thuyết Việt Nam sau năm 1986. Đặc điểm kĩ thuật dòng ý thức trong tiểu thuyết Hồ Anh Thái. Một số phương diện nghệ thuật thể hiện kĩ thuật dòng ý thức trong tiểu thuyết Hồ Anh Thái 
600 1 4 |a Hồ Anh Thái  |d 1960- 
650 0 4 |a Tiểu thuyết Việt Nam  |v Luận văn tốt nghiệp  |x Nghiên cứu  |z Việt Nam 
653 |a Tiểu thuyết Việt Nam 
653 |a Văn học Việt Nam 
653 |a Hồ Anh Thái 
653 |a Dòng ý thức 
700 1 |a Nguyễn Thanh Trường  |c TS.  |e Hướng dẫn 
OWN |a LSP 
AVA |a UDN50  |b LSP  |d 895.922334 HU-H  |e available  |t Error 5001 Not defined in file expand_doc_bib_avail.  |f 1  |g 0  |h N  |i 0  |k 1 
999 |a From the UDN01 
AVA |a UDN50  |b LSP  |d 895.922334 HU-H  |e available  |t Error 5001 Not defined in file expand_doc_bib_avail.  |f 1  |g 0  |h N  |i 0  |k 1 
TYP |a Monograph 
TYP |a Printed language 
980 |a Mạng thư viện Đại học Đà Nẵng